书目信息 |
| 题名: |
仪器仪表机械装校工艺学
|
|
| 作者: | ;机械工业部仪表局 编 | |
| 分册: | 上册 | |
| 出版信息: | 北京 机械工业出版社 1984.9 |
|
| 页数: | 316页 | |
| 开本: | 20cm | |
| 丛书名: | ||
| 单 册: | ||
| 中图分类: | TH706 | |
| 科图分类: | ||
| 主题词: | 仪器 , 仪表 , 仪表装置 | |
| 电子资源: | ||
| ISBN: | ||
| 000 | 00652nam0 2200229 45 | |
| 001 | 0312221749 | |
| 005 | 20040520172624.7 | |
| 010 | @dCNY0.87 | |
| 091 | @a15033.5612 | |
| 100 | @a20031222d1984 km y0chiy0120 ea | |
| 101 | @achi | |
| 105 | @a z 000yy | |
| 200 | 1 | @a仪器仪表机械装校工艺学@h上册@AYi Qi Yi Biao Ji Xie Zhuang Xiao Gong Yi Xue@f机械工业部仪表局编@FJi Xie Gong Ye Bu Yi Biao Ju Bian |
| 210 | @a北京@c机械工业出版社@d1984.9 | |
| 215 | @a316页@d20cm | |
| 606 | 0 | @a仪器 |
| 606 | 0 | @a仪表 |
| 606 | 0 | @a仪表装置 |
| 690 | @aTH706@v3 | |
| 711 | 02 | @a机械工业部仪表局@4编 |
| 801 | @aCN@bTSTCL@c20031222 | |
| 905 | @dTH706@e6@f1@b128876 | |
| 仪器仪表机械装校工艺学.上册/机械工业部仪表局编.-北京:机械工业出版社,1984.9 |
| 316页;20cm |
| ISBN :CNY0.87 |
| ● |
| 相关链接 |
|
|
|
|
正题名:仪器仪表机械装校工艺学
索取号:TH706/6
 
预约/预借
| 序号 | 登录号 | 条形码 | 馆藏地/架位号 | 状态 | 备注 |
| 1 | 0128876 | 001365999 | 第三借阅区/ [索取号:TH706/6] | 在馆 | |
| 2 | 0128877 | 001365953 | 第二样本阅览室/ [索取号:TH706/6] | 在馆 |